| 000 | 00630nam a2200205 i 4500 | ||
|---|---|---|---|
| 001 | 000018039 | ||
| 005 | 20200929165329.0 | ||
| 008 | 800226s1978 ve f000 0 spa | ||
| 010 | _a79125302 | ||
| 035 | _a(DLC) 79125302 | ||
| 040 |
_aDO-SdBNP _cDLC _dDLC |
||
| 050 | 0 | 0 |
_aPQ8550.1.N55 _bN6 |
| 082 |
_axxxx _bB277n |
||
| 100 | 1 |
_aBarroeta, Rafael Angel _939110 |
|
| 245 | 1 | 0 |
_aNostalgia del caminante / _cRafael Angel Barroeta. |
| 260 |
_aCaracas : _bPresidencia de la Republica, _c1978. |
||
| 300 |
_a292 p. ; _c23 cm. |
||
| 490 | 0 |
_aBiblioteca de autores y temas trujillanos ; _vv. 3 |
|
| 910 | _aCatalogación por copia / LC | ||
| 999 |
_c17561 _d17561 |
||